000 00456nam a2200181Ia 4500
001 16914
005 20260306170346.0
008 260306t2000||||xx |||||||||||||| ||und||
041 _aESP
082 _a657.3
_bG369
100 _aGoxens Orensanz, M.ª Ángeles
_eAUT
245 0 _aAnálisis de estados contables:
_bdiagnóstico económico-financiero
260 _c2000
300 _a
_c
650 _aGEN
654 _aCCO
942 _cLIB
_dJUS
_fJUS
_2ddc
_n
999 _c16914
_d16914